000
00283nam a22001217a 4500
082
_a
823
_b
BLY/L
100
_a
BLYTON, ENID
245
_a
LAST TERM AT MALORY TOWERS
260
_a
UNITED KINGDOM
_b
HODDER
_c
1951
300
_a
171
650
_a
ENGLISH STORY
_z
UNITED KINGDOM
942
_c
BK
999
_c
7228
_d
7228